| 000 | 00468nam a22001337a 4500 | ||
|---|---|---|---|
| 082 | _a510 | ||
| 245 |
_aFluid Structure Interaction Model for Cerebral Aneurysm in the Presence of Magnetic Field / _cMuhammad Shoaib. |
||
| 260 | _bNBS - NUST, | ||
| 650 |
_aMathematics - M. Phil Thesis. _916594 |
||
| 700 |
_aDr. Asim Aziz. _916739 |
||
| 856 | _uhttp://10.250.8.41:8080/xmlui/handle/123456789/4073 | ||
| 942 |
_2ddc _cTHE |
||
| 999 |
_c527962 _d527962 |
||